| 000 | 00797cam a22002413a 4500 | ||
|---|---|---|---|
| 001 | 37227 | ||
| 003 | PGUSA | ||
| 005 | 20140828083821.0 | ||
| 008 | 110827s2011||||xxu|||||s|||||000 | eng d | ||
| 040 |
_aPGUSA _beng |
||
| 042 | _adc | ||
| 050 | 4 | _aD501 | |
| 100 | 1 |
_aMurray, Gilbert, _d1866-1957 |
|
| 245 | 1 | 0 |
_aGreat Britain's Sea Policy : _bA Reply to an American Critic reprinted from 'The Atlantic Monthly' _h[electronic resource] / _cGilbert Murray |
| 260 |
_bProject Gutenberg, _c2011 |
||
| 506 | _aPublic domain in the USA. | ||
| 516 | _aElectronic text | ||
| 653 | _aBullard, Arthur, 1879-1925. Our relations with Great Britain | ||
| 653 | _aWorld War, 1914-1918 -- Blockades | ||
| 830 | 0 |
_aProject Gutenberg _v37227 |
|
| 856 | 4 | 0 | _uhttp://www.gutenberg.org/ebooks/37227 |
| 942 | _cEB | ||
| 999 |
_c266481 _d266481 |
||